International marketing Strategy 2003-2004

Đã lưu trong:
Bibliografiske detaljer
Hovedforfatter: Carter, Steve
Format: Bog
Sprog:Undetermined
Udgivet: Amsterdam Butterworth Heinemann 2003
Fag:
Tags: Tilføj Tag
Ingen Tags, Vær først til at tagge denne postø!
Thư viện lưu trữ: Trung tâm Học liệu Trường Đại học Cần Thơ
LEADER 00521nam a2200193Ia 4500
001 CTU_94376
008 210402s9999 xx 000 0 und d
020 |c 26.41 
082 |a 658.8 
082 |b C349 
100 |a Carter, Steve 
245 0 |a International marketing Strategy 2003-2004 
245 0 |c Steve Carter 
260 |a Amsterdam 
260 |b Butterworth Heinemann 
260 |c 2003 
650 |a Export marketing,Marketing 
904 |i Tuyến 
980 |a Trung tâm Học liệu Trường Đại học Cần Thơ